عرض عادي
عرض مارك
- باركن، ديفيد.
مدخل إسم شخص
001 - رقم الضبط
- حقل الضبط: 35817
003 - معرف رقم الضبط
- حقل الضبط: OSt
005 - تاريخ ووقت أخر عملية
- حقل الضبط: 20130520104551.0
008 - عناصر بيانات ثابتة الطول
- حقل تحكم ثابت الطول: 130520|||a|||||| | ||| d
040 ## - مصدر الفهرسة
- هيئة الفهرسة الأصلية: OSt
- وكالة الكتابة: OSt
100 ## - مدخل -- أسم شخص
- إسم شخص: باركن، ديفيد.
670 ## - بيانات المصدر موجوده
- الاستشهاد بالمصدر: Work cat.: (OSt): موريس، ستيفن. 31751, التحليل الإقتصادي في الرعاية الصحية /, 2013، 1434
